000 00838nam a2200289 a 4500
003 AR-BaBNM
005 20251128210401.0
008 082120s2002 ||||||||||||||000 | spa||
020 _a84-7432-459-9
040 _cAR-BaBNM
100 1 _aAugé, Marc
245 0 0 _aLos "no lugares" espacios del anonimato
_buna antropología de la sobremodernidad
260 _aBarcelona
_bGedisa
_c1996
300 _a125 p.
490 0 _aHombre y sociedad. Cla.De.Ma
500 _aContiene referencias bibliográficas en p. 125
650 4 _aSOCIOLOGIA CULTURAL
650 4 _aETNOLOGIA
650 4 _aSOCIOLOGIA POLITICA
650 4 _aANTROPOLOGIA CULTURAL Y SOCIAL
650 4 _aESTUDIOS CULTURALES
650 4 _aCAMBIO SOCIAL
653 _aMODERNIDAD
700 1 _aMizraji, Margarita N.
_etraductor
942 _cBK
998 _cMARTIN
999 _c15246
_d15246